| 000 | 00935cab a2200337 4500 | ||
|---|---|---|---|
| 001 | ABS48592 | ||
| 008 | 090401t1993 xxu||||| |||| 00| 0 eng d | ||
| 035 | _a(Sirsi) u67486 | ||
| 041 | _aeng | ||
| 245 | _aFocus: East Scotland | ||
| 260 | _c1993 | ||
| 350 | _a0 | ||
| 490 |
_aEstates Gazette _v(9317) 1 May 1993, 37-64(15) |
||
| 650 | _aABERDEEN | ||
| 650 | _aCAPITAL VALUES | ||
| 650 | _aDUNDEE | ||
| 650 | _aEDINBURGH | ||
| 650 | _aEMPLOYMENT | ||
| 650 | _aINDUSTRIAL MARKET | ||
| 650 | _aINVERNESS | ||
| 650 | _aINVESTMENT MARKET | ||
| 650 | _aPROPERTY-COMMERCIAL PROPERTY-OFFICE PROPERTY-OFFICE PROPERTY MARKET | ||
| 650 | _aPERTH | ||
| 650 | _aRATES OF RETURN | ||
| 650 | _aPROPERTY-COMMERCIAL PROPERTY-RETAIL PROPERTY-RETAIL PROPERTY MARKET | ||
| 650 | _aSCOTLAND | ||
| 650 | _aSTATISTICS | ||
| 690 | _aPROPERTY-COMMERCIAL PROPERTY-COMMERCIAL PROPERTY MARKET | ||
| 942 | _n0 | ||
| 948 | _c04/03/1997 | ||
| 999 |
_c42225 _d42225 |
||